[Event "Schleswig Holstein-ch U18 Vormeister"]
[Site "Neumuenster"]
[Date "2010.04.07"]
[Round "4"]
[White "Weisz, Michael"]
[Black "Luethje, Fabian"]
[Result "1-0"]
[WhiteElo "1606"]
[BlackElo "1320"]
[PlyCount "93"]
[EventDate "2010.04.05"]
[EventType "swiss"]
[EventRounds "9"]
[EventCountry "GER"]
[SourceTitle "EXT 2023"]
[Source "ChessBase"]
[SourceDate "2022.10.05"]
[SourceVersion "1"]
[SourceVersionDate "2022.10.05"]
[SourceQuality "1"]

1. e4 c6 2. d4 d5 3. e5 Bf5 4. Nc3 e6 5. g4 Bg6 6. Nge2 Nd7 7. h4 h6 8. Nf4 Bh7 9. Bd3 Bxd3 10. Qxd3 Qe7 11. Be3 0-0-0 12. 0-0-0 Nb6 13. Kb1 Qb4 14. Qe2 Nc4 15. Nd3 Qa5 16. Bc1 Bb4 17. Nxb4 Qxb4 18. f4 Kb8 19. Qd3 Ne7 20. Ne2 h5 21. f5 Nc8 22. fxe6 fxe6 23. Nf4 Rdf8 24. Ng6 N8b6 25. Qb3 Qa4 26. Nxh8 Rxh8 27. g5 Na5 28. Qxa4 Nxa4 29. Rdf1 Nc4 30. Rf7 c5 31. c3 b5 32. Kc2 cxd4 33. cxd4 Na5 34. Rhf1 Rc8+ 35. Kd3 Nc4 36. Rf8 Naxb2+ 37. Bxb2 Nxb2+ 38. Ke2 Na4 39. Rxc8+ Kxc8 40. Kd2 Nb6 41. Rf7 Nc4+ 42. Kc3 a5 43. Rxg7 b4+ 44. Kd3 a4 45. Ra7 Kd8 46. g6 b3 47. g7 1-0

[Event "Schleswig Holstein-ch U18 Vormeister"]
[Site "Neumuenster"]
[Date "2010.04.05"]
[Round "1"]
[White "Bauer, Marcus"]
[Black "Weisz, Michael"]
[Result "0-1"]
[WhiteElo "1160"]
[BlackElo "1606"]
[PlyCount "36"]
[EventDate "2010.04.05"]
[EventType "swiss"]
[EventRounds "9"]
[EventCountry "GER"]
[SourceTitle "EXT 2023"]
[Source "ChessBase"]
[SourceDate "2022.10.05"]
[SourceVersion "1"]
[SourceVersionDate "2022.10.05"]
[SourceQuality "1"]

1. e4 c5 2. Nc3 d6 3. f4 Nc6 4. Nf3 e6 5. Bc4 a6 6. a4 g6 7. 0-0 Bg7 8. d3 Nge7 9. f5 d5 10. fxg6 dxc4 11. gxf7+ Kf8 12. Qe1 Ng6 13. Bg5 Qc7 14. Qe3 Nd4 15. Rf2 h6 16. Nh4 Nxh4 17. Bxh4 Nxc2 18. Rxc2 Bd4 0-1

[Event "Schleswig Holstein-ch U16 VM"]
[Site "Neumuenster"]
[Date "2008.03.29"]
[Round "8"]
[White "Jeschke, Tobias"]
[Black "Weisz, Michael"]
[Result "0-1"]
[WhiteElo "1338"]
[BlackElo "1119"]
[PlyCount "104"]
[EventDate "2008.03.24"]
[EventType "swiss"]
[EventRounds "9"]
[EventCountry "GER"]
[SourceTitle "EXT 2009"]
[Source "ChessBase"]
[SourceDate "2008.11.26"]
[SourceVersion "1"]
[SourceVersionDate "2008.11.26"]
[SourceQuality "1"]

1. Nc3 Nc6 2. Nf3 Nf6 3. d4 d5 4. Bg5 Bf5 5. a3 e6 6. e3 a6 7. g3 h6 8. Bxf6 Qxf6 9. Bg2 Bd6 10. Qe2 Ne7 11. Nh4 Bh7 12. f4 Nf5 13. Nf3 c5 14. Rd1 Rc8 15. Rd2 Bg6 16. Qf2 h5 17. h4 Bh7 18. Ne2 Qe7 19. c3 Qc7 20. 0-0 f6 21. Bh3 Rg8 22. Kh2 Be7 23. g4 hxg4 24. Bxg4 Kf7 25. h5 g5 26. Rg1 Nd6 27. Qf1 f5 28. fxg5 Ne4+ 29. Kh1 Nxd2 30. Nxd2 Bxg5 31. Qf2 Bf6 32. Bh3 Rxg1+ 33. Qxg1 Rg8 34. Qf2 c4 35. Nf4 Bg5 36. Qf3 Bxf4 37. exf4 Qb6 38. Qe3 Qxb2 39. Nf1 Qc2 40. a4 Qe4+ 41. Kh2 Qc2+ 42. Qd2 Qxa4 43. Qb2 Qb3 44. Qd2 Qb1 45. Qe3 Qc2+ 46. Qd2 Qxd2+ 47. Nxd2 a5 48. Nb1 b5 49. Bf1 b4 50. cxb4 axb4 51. Be2 c3 52. Bd3 Rc8 0-1

[Event "Schleswig Holstein-ch U16 VM"]
[Site "Neumuenster"]
[Date "2008.03.27"]
[Round "6"]
[White "Weisz, Michael"]
[Black "Rohde, Patrick"]
[Result "1/2-1/2"]
[WhiteElo "1119"]
[BlackElo "1538"]
[PlyCount "31"]
[EventDate "2008.03.24"]
[EventType "swiss"]
[EventRounds "9"]
[EventCountry "GER"]
[SourceTitle "EXT 2009"]
[Source "ChessBase"]
[SourceDate "2008.11.26"]
[SourceVersion "1"]
[SourceVersionDate "2008.11.26"]
[SourceQuality "1"]

1. d4 Nf6 2. c4 g6 3. Nf3 Bg7 4. Bf4 d6 5. Nbd2 0-0 6. e3 Nbd7 7. Bd3 Re8 8. Qe2 c5 9. d5 Nh5 10. Bg3 Bxb2 11. Rb1 Bg7 12. Ne4 Nhf6 13. Nfd2 Nxe4 14. Nxe4 Nf6 15. 0-0 Rb8 16. Nxc5 1/2-1/2